Advance Dictionary Of Botany

Bibliographic Details
Main Author: Lewys,Johnson
Format: Book
Published: India : IVY Publishing House , 2007
Subjects:

MARC

LEADER 00000cam a2200000 7i4500
001 0000044993
005 20151209.0
008 150128
020 |a 8178901625 
020 |a 9788178901626 
090 0 0 |a 580.3   |b LEW 
100 1 |a Lewys,Johnson 
245 1 0 |a Advance Dictionary Of Botany   |c Johnson Lewys 
260 |a India :   |b IVY Publishing House ,   |c 2007 
300 |a 409pg. :   |b ill. 
650 0 |a Botany   |x Dictionaries 
999 |a 0001392910   |b Book   |c Adult Collection   |e Cawangan Tmn. Ungku Tun Aminah